000 00261nam a2200109Ia 4500
008 190911s9999||||xx |||||||||||||| ||und||
100 _aMcdaniel,George
245 0 _aIBM Dictionary of Computing
260 _aUSA
_bMc Graw Hill
_c1994
300 _a758
942 _cBK
999 _c6941
_d6941